| 000 | 00414nam a22001457a 4500 | ||
|---|---|---|---|
| 020 | _a9783319544120 | ||
| 082 | _a623.892 COR | ||
| 100 |
_aCorke Peter _934979 |
||
| 245 | _aRobotics, vision and control fundamental algorithms in matlab | ||
| 250 | _a2nd | ||
| 260 |
_aUSA _bSpringer _c2017 |
||
| 300 | _axxix,693 P | ||
| 650 |
_aRobotics,Vision and Control Fundamental Algorithms in Matlab _969640 |
||
| 942 | _cBK | ||
| 999 |
_c576841 _d576841 |
||